Statistics for NBA players

Click here to take the quiz!

General Stats

  • This quiz has been taken 16 times
  • The average score is 5 of 12

Answer Stats

Answer% Correct
Steph Curry
100%
Kevin Durant
86%
Anthony Edwards
64%
Paul George
64%
Jalen Johnson
43%
Malik Monk
43%
Paul Reed
29%
JT Thor
14%
terrance ferguson
14%
Wenyen Gabriel
14%
Rayjon tucker
7%
Rondae hollis jefferson
0%

Score Distribution

Percentile by Number Answered

Percent of People with Each Score

Your Score History

You have not taken this quiz